Análisis de las correcciones de los complementos de onda corta en el mejoramiento de los modelos digitales de elevaciones, utilizando los datos de alta frecuencia LiDAR, para Costa Rica

Kaydedildi:
Detaylı Bibliyografya
Yazar: Láscarez Jiménez, Oscar José, 1987-
Diğer Yazarlar: Varela Sánchez, Mauricio, 1983- Director del TFG
Materyal Türü: Kitap
Dil:Spanish
Baskı/Yayın Bilgisi: [San José, Costa Rica] 2022.
Konular:
Etiketler: Etiketle
Etiket eklenmemiş, İlk siz ekleyin!

MARC

LEADER 00000nam a2200000Ia 4500
003 013546
005 20230412141946.0
008 140114s2022 cr a 000 ||spa d
040 |c cru CEDI 
100 |a Láscarez Jiménez, Oscar José, 1987-  |9 367 
245 |a Análisis de las correcciones de los complementos de onda corta en el mejoramiento de los modelos digitales de elevaciones, utilizando los datos de alta frecuencia LiDAR, para Costa Rica 
260 |a [San José, Costa Rica]  |c 2022. 
500 |a  Práctica dirigida (licenciatura en ingeniería topográfica)--Universidad de Costa Rica. Facultad de Ingeniería. Escuela de Ingeniería Topográfica,  
501 |a Director de Práctica de Graduación: Dr. Mauricio Varela Sánchez 
650 |x SATELITES ARTIFICIALES EN NAVEGACION   |x MEDICION DE ALTITUDES  |x TOPOGRAFIA   |x RADAR OPTICO   |x SENSORES REMOTOS   |x GEODESIA - COSTA RICA   |x SISTEMAS DE INFORMACION GEOGRAFICA  
700 |9 358  |a Varela Sánchez, Mauricio, 1983-  |d Director del TFG 
942 |c CEDI  |h TFG 8697  |6 TFG_8697_000000000000000 
999 |c 22049  |d 22049